| 000 | 00352 a2200145 4500 | ||
|---|---|---|---|
| 020 | _a972-0-01128-9 | ||
| 040 | _aULA-LD-MS | ||
| 082 |
_a72 _b72 |
||
| 100 |
_91187 _aPORTO EDITORA |
||
| 245 | _aRegulamentos de Seguranȯ̂ Contra Incendio | ||
| 260 |
_aLisboa , _bPorto Editora _c1990. |
||
| 300 | _a456p | ||
| 650 | _aArquitectura | ||
| 942 | _cLivros | ||
| 999 |
_c2360 _d2360 |
||